000 00509nam a2200169Ia 4500
005 20250508160219.0
008 008 250505s9999 xx 000 0 eng d
037 _aTextual
040 _aFEDL
_beng
_cFEDL
041 _aeng
_2eng
084 _a371.73, LON
_qFEDL
245 0 _aPlayground movement in America and its relation to public education
260 _aLondon, UK
_bHis Majesty's Stationery Office
_c1913
300 _a52p.
942 _cTEXL
_h371.73, LON
999 _c1362722
_d1362722